[Event "MrDodgy Inv 3 GpA"]
[Site "chess24.com INT"]
[Date "2022.11.25"]
[Round "14.5"]
[White "Van Foreest, Jorden"]
[Black "Jobava, Baadur"]
[Result "0-1"]
[WhiteTitle "GM"]
[BlackTitle "GM"]
[WhiteElo "2690"]
[BlackElo "2578"]
[WhiteFideId "1039784"]
[BlackFideId "13601520"]
[EventDate "2022.11.25"]

1. e4 c6 2. d4 d5 3. Nd2 dxe4 4. Nxe4 Bf5 5. Ng3 Bg6 6. h4 h6 7. Bd3 Bxd3 8.
Qxd3 e6 9. Bf4 Nf6 10. O-O-O Bd6 11. N1e2 O-O 12. Ne4 Nxe4 13. Qxe4 Bxf4+ 14.
Nxf4 Nd7 15. g4 Nf6 16. Qe2 Nd5 17. Nd3 Qa5 18. Kb1 Qb5 19. Ka1 Nb4 20. g5 Qc4
21. Nc1 Nxc2+ 22. Kb1 Qxe2 23. Nxe2 Nb4 24. gxh6 gxh6 25. Nf4 Kh7 26. a3 Nd5 27.
Nd3 Rg8 28. Rh3 Rg4 29. Nc5 Rf4 30. Rd2 b6 31. Nd7 f6 32. Rc2 Rd8 33. Nxf6+ Rxf6
34. Rxc6 Kg6 35. h5+ Kf7 36. Rh2 Ke7 37. Rg2 Rdf8 38. Rg7+ R8f7 39. Rg8 Rxf2 40.
Ra8 Kf6 41. Re8 Re2 42. Rc1 Ne3 43. d5 exd5 44. Rc6+ Kg5 45. Rg6+ Kxh5 46. Rg1
d4 47. Re5+ Rf5 48. Re4 Rff2 49. Re5+ Nf5 0-1

[Event "MrDodgy Inv 3 GpA"]
[Site "chess24.com INT"]
[Date "2022.11.25"]
[Round "14.6"]
[White "Carlsen, Magnus"]
[Black "Salgado Lopez, Ivan"]
[Result "1-0"]
[WhiteTitle "GM"]
[BlackTitle "GM"]
[WhiteElo "2859"]
[BlackElo "2591"]
[WhiteFideId "1503014"]
[BlackFideId "2257327"]
[EventDate "2022.11.25"]

1. e4 e6 2. b3 d5 3. Bb2 Nf6 4. e5 Nfd7 5. f4 c5 6. Nf3 Nc6 7. c4 d4 8. Bd3 b6
9. Be4 Bb7 10. d3 Qc7 11. O-O Be7 12. Nbd2 f5 13. exf6 Nxf6 14. Ng5 Nxe4 15.
Ndxe4 Qd7 16. Qh5+ g6 17. Qh3 Bxg5 18. fxg5 O-O-O 19. Nf6 Qd6 20. Rae1 1-0

[Event "MrDodgy Inv 3 GpA"]
[Site "chess24.com INT"]
[Date "2022.11.25"]
[Round "14.7"]
[White "Pichot, Alan"]
[Black "Adhiban, Baskaran"]
[Result "1-0"]
[WhiteTitle "GM"]
[BlackTitle "GM"]
[WhiteElo "2637"]
[BlackElo "2603"]
[WhiteFideId "110973"]
[BlackFideId "5018471"]
[EventDate "2022.11.25"]

1. e4 c5 2. Nf3 Nc6 3. Bb5 d6 4. O-O Bd7 5. Re1 a6 6. Bf1 Bg4 7. c3 e6 8. h3
Bxf3 9. Qxf3 Nf6 10. d3 Be7 11. g3 d5 12. Nd2 O-O 13. Qe2 d4 14. Nf3 e5 15. Nh4
g6 16. Bh6 Re8 17. Nf3 b5 18. Rac1 Rc8 19. c4 Rb8 20. a3 Qb6 21. Nd2 Na5 22. b3
bxc4 23. bxc4 Qc6 24. Nf3 Nd7 25. h4 Bf8 26. Bg5 h6 27. Bd2 Nb3 28. Rb1 Nxd2 29.
Qxd2 Qc7 30. Bh3 Nf6 31. Kg2 Kg7 32. Qc2 Bd6 33. Rxb8 Rxb8 34. Rb1 Rb6 35. Rb3
Qb7 36. Nd2 Bc7 37. Rxb6 Qxb6 38. Qb3 Qc6 39. Nf3 Ng8 40. Qb1 Ne7 41. Kg1 f5 42.
Bg2 Qd6 43. Qb7 a5 44. Nd2 h5 45. Qb5 Ng8 46. Nb3 Bb6 47. Nxa5 Bxa5 48. Qxa5 Nf6
49. Qa7+ Kh6 50. Qb7 f4 51. Bf3 Nh7 52. a4 g5 53. a5 fxg3 54. Qb6 Qxb6 55. axb6
gxf2+ 56. Kxf2 Nf6 57. b7 Nd7 58. Kg3 Kg6 59. Bd1 Nb8 60. Ba4 gxh4+ 61. Kxh4 Kh6
62. Be8 Na6 63. Bxh5 Nb8 64. Be8 1-0

[Event "MrDodgy Inv 3 GpA"]
[Site "chess24.com INT"]
[Date "2022.11.25"]
[Round "14.8"]
[White "Jones, Gawain C B"]
[Black "Supi, Luis Paulo"]
[Result "0-1"]
[WhiteTitle "GM"]
[BlackTitle "GM"]
[WhiteElo "2623"]
[BlackElo "2612"]
[WhiteFideId "409561"]
[BlackFideId "2106388"]
[EventDate "2022.11.25"]

1. e4 c5 2. Nf3 d6 3. Bb5+ Bd7 4. Bxd7+ Qxd7 5. O-O Nc6 6. c3 Nf6 7. Re1 e6 8.
d4 cxd4 9. cxd4 d5 10. e5 Ne4 11. a3 Be7 12. Nbd2 Nxd2 13. Bxd2 O-O 14. Re3 f6
15. exf6 Rxf6 16. Qe2 Bd6 17. Re1 Re8 18. g3 a6 19. Bc3 h6 20. h4 Ref8 21. Kg2
Qf7 22. Rf1 Qg6 23. Nh2 h5 24. Nf3 Bf4 25. Rd3 Ne7 26. Kh2 Qe4 27. Qd1 Bd6 28.
Re1 Qg4 29. Kg2 Ng6 30. Ng5 Nxh4+ 31. Kh1 Qxg5 0-1

[Event "MrDodgy Inv 3 GpA"]
[Site "chess24.com INT"]
[Date "2022.11.25"]
[Round "15.1"]
[White "Supi, Luis Paulo"]
[Black "Rosen, Eric"]
[Result "1-0"]
[WhiteTitle "GM"]
[BlackTitle "IM"]
[WhiteElo "2612"]
[BlackElo "2356"]
[WhiteFideId "2106388"]
[BlackFideId "2032562"]
[EventDate "2022.11.25"]

1. e4 e5 2. Nf3 Nf6 3. Nxe5 Nc6 4. d4 Nxe5 5. dxe5 Nxe4 6. Qd5 Ng5 7. Nc3 Ne6 8.
Bd3 d6 9. O-O dxe5 10. Qxe5 Bd6 11. Qh5 Bd7 12. Re1 Qf6 13. Ne4 Qd4 14. Be3 Qxb2
15. Rab1 Qxa2 16. Rxb7 Be7 17. h3 g6 18. Qe5 O-O 19. Nf6+ Bxf6 20. Qxf6 Qa5 21.
Rbb1 Rab8 22. Ra1 Qh5 23. Bd2 c5 24. Rxa7 Bc6 25. Rxe6 Rb1+ 26. Re1 Rxe1+ 27.
Bxe1 Qd1 28. Ra1 Qg4 29. hxg4 1-0

[Event "MrDodgy Inv 3 GpA"]
[Site "chess24.com INT"]
[Date "2022.11.25"]
[Round "15.2"]
[White "Adhiban, Baskaran"]
[Black "Jones, Gawain C B"]
[Result "1-0"]
[WhiteTitle "GM"]
[BlackTitle "GM"]
[WhiteElo "2603"]
[BlackElo "2623"]
[WhiteFideId "5018471"]
[BlackFideId "409561"]
[EventDate "2022.11.25"]

1. e4 e5 2. Nf3 Nc6 3. Bc4 Nf6 4. d3 Bc5 5. Bg5 h6 6. Bh4 Be7 7. Bg3 d6 8. a4
Be6 9. Nbd2 Qd7 10. O-O g5 11. c3 h5 12. h4 gxh4 13. Nxh4 O-O-O 14. b4 d5 15.
Bb5 dxe4 16. Nxe4 a6 17. Bxc6 Qxc6 18. b5 Qd5 19. bxa6 bxa6 20. Re1 Rhg8 21. Nf3
Qxd3 22. Qxd3 Rxd3 23. Nxe5 Rd5 24. Nc6 Bd8 25. Nxd8 Nxe4 26. Nxe6 Nxg3 27. Nf4
Rc5 28. fxg3 Rxg3 29. Re8+ Kd7 30. Ra8 Rgxc3 31. Rxa6 h4 32. Rd1+ Kc8 33. Rf6
Ra3 34. Rxf7 Rxa4 35. Ne6 Rc2 36. Rd8+ Kb7 37. Rdd7 Re4 38. Rxc7+ Rxc7 39. Rxc7+
Kb6 40. Re7 Rg4 41. Kh2 Kc6 42. Rg7 Ra4 43. Ng5 Kd6 44. Nf3 Ke6 45. Rh7 Kf5 46.
Rxh4 Ra2 47. Kg3 Ra1 48. Rf4+ Kg6 49. Kg4 Ra5 50. g3 Rb5 51. Rd4 Rb6 52. Ne5+
Kf6 53. Kf4 Ra6 54. g4 Ra5 55. Rd6+ Ke7 56. Rh6 Ra1 57. Kf5 Rf1+ 58. Kg6 Ke6 59.
Rh5 Rf6+ 60. Kg7 Rf4 61. Rg5 Re4 62. Kh6 Rf4 63. Kh5 Kf6 64. Nd7+ Ke7 65. Nc5
Kf6 66. Nd3 Rf3 67. Rg6+ Ke7 68. Ne5 Re3 69. Nc6+ Kf7 70. Nd4 Rh3+ 71. Kg5 Rd3
72. Nf5 Rd5 73. Rg7+ Kf8 74. Ra7 Rb5 75. Kh5 Rc5 76. Rd7 Rb5 77. Rd8+ Kf7 78.
Rd6 Ra5 79. Rc6 Ra7 80. Kg5 Ra5 81. Rh6 Ke8 82. Rh7 Kd8 83. Kg6 Kc8 84. g5 Rb5
85. Nd6+ 1-0

[Event "MrDodgy Inv 3 GpA"]
[Site "chess24.com INT"]
[Date "2022.11.25"]
[Round "15.3"]
[White "Salgado Lopez, Ivan"]
[Black "Pichot, Alan"]
[Result "1/2-1/2"]
[WhiteTitle "GM"]
[BlackTitle "GM"]
[WhiteElo "2591"]
[BlackElo "2637"]
[WhiteFideId "2257327"]
[BlackFideId "110973"]
[EventDate "2022.11.25"]

1. e4 c5 2. Nf3 e6 3. g3 Nc6 4. Bg2 Nf6 5. Qe2 d5 6. exd5 Nxd5 7. O-O Be7 8. Rd1
Qb6 9. Nc3 O-O 10. d3 Bd7 11. a3 Rfe8 12. h4 Rad8 13. h5 h6 14. Ne4 Nd4 15. Nxd4
cxd4 16. Nd2 Rc8 17. Nc4 Qc5 18. Re1 Bf6 19. a4 Bc6 20. Bd2 Qe7 21. Qg4 Kh8 22.
Re2 Qd7 23. a5 Ne7 24. Rae1 Bxg2 25. Kxg2 Qd5+ 26. Kg1 Red8 27. Bf4 Qf5 28. Qxf5
Nxf5 29. g4 Nh4 30. Ra1 Kg8 31. Kh2 Nf3+ 32. Kg3 Ng5 33. Ra3 Rd7 34. Rb3 Rc6 35.
Rb5 Nh7 36. Be5 Nf8 37. Bxf6 gxf6 38. f4 a6 39. Rb4 Rc5 40. Re4 Kg7 41. Kf3 Kg8
42. Rb6 Kg7 43. b4 Rc8 44. b5 axb5 45. Rxb5 Rcc7 46. Re1 Rd5 47. Reb1 Rxb5 48.
Rxb5 Nd7 49. Ke4 f5+ 50. gxf5 Nf6+ 51. Kxd4 Nxh5 52. fxe6 Nxf4 53. exf7 Rxf7 54.
Nd6 Ne6+ 55. Ke5 Nc7 56. Nxf7 Nxb5 57. Nd8 h5 58. Nxb7 Kf8 59. c4 Nc7 60. Nc5
Ke7 61. a6 h4 62. Kf4 Kd6 63. d4 Kc6 64. a7 Kb6 65. Ne6 Nxe6+ 66. Kg4 Kxa7 67.
d5 Nc7 68. Kxh4 Kb6 69. Kg4 Nxd5 70. cxd5 Kc5 71. Kf5 Kxd5 1/2-1/2

[Event "MrDodgy Inv 3 GpA"]
[Site "chess24.com INT"]
[Date "2022.11.25"]
[Round "15.4"]
[White "Jobava, Baadur"]
[Black "Carlsen, Magnus"]
[Result "0-1"]
[WhiteTitle "GM"]
[BlackTitle "GM"]
[WhiteElo "2578"]
[BlackElo "2859"]
[WhiteFideId "13601520"]
[BlackFideId "1503014"]
[EventDate "2022.11.25"]

1. e4 c5 2. c3 Qa5 3. g3 Nc6 4. Bg2 Ne5 5. d3 Qa6 6. c4 Qd6 7. Bf1 g6 8. Nc3 Bg7
9. f4 Nc6 10. Nf3 Qc7 11. Bg2 d6 12. O-O Bg4 13. h3 Bxf3 14. Qxf3 Nf6 15. Be3
Nd7 16. Kh1 e6 17. Rae1 O-O 18. f5 a6 19. g4 Bd4 20. Bh6 Nde5 21. Qg3 Rfe8 22.
Bc1 Qe7 23. Ne2 b5 24. b3 bxc4 25. dxc4 a5 26. a4 Rab8 27. Bh6 Nd7 28. Nxd4 Nxd4
29. Re3 e5 30. g5 Rb6 31. h4 Reb8 32. f6 Qd8 33. Rb1 Nf8 34. Bh3 Nfe6 35. Bxe6
Nxe6 36. h5 gxh5 37. Rf1 Nf4 38. g6 hxg6 39. Bg7 Qd7 40. Qg5 Qg4 41. Qxg4 hxg4
42. Rg3 Rxb3 43. Rxg4 Rb1 44. Rxb1 Rxb1+ 45. Kh2 Rb2+ 46. Kh1 Rb4 47. Rh4 Nh5
48. Rh3 Nxg7 0-1

[Event "MrDodgy Inv 3 GpA"]
[Site "chess24.com INT"]
[Date "2022.11.25"]
[Round "15.5"]
[White "Mamedov, Rauf"]
[Black "Van Foreest, Jorden"]
[Result "1/2-1/2"]
[WhiteTitle "GM"]
[BlackTitle "GM"]
[WhiteElo "2646"]
[BlackElo "2690"]
[WhiteFideId "13401653"]
[BlackFideId "1039784"]
[EventDate "2022.11.25"]

1. e4 c5 2. Nf3 d6 3. Nc3 Nc6 4. g3 g6 5. Bg2 Bg7 6. O-O Bg4 7. h3 Bxf3 8. Bxf3
e6 9. Bg2 Nge7 10. d3 Rb8 11. a4 a6 12. Re1 b5 13. axb5 axb5 14. Ne2 O-O 15. c3
b4 16. Be3 bxc3 17. bxc3 Rb2 18. Bc1 Rb8 19. Be3 Rb2 20. Bc1 Rb8 21. Be3 1/2-1/2

[Event "MrDodgy Inv 3 GpA"]
[Site "chess24.com INT"]
[Date "2022.11.25"]
[Round "15.8"]
[White "Plichta, Kamil"]
[Black "Grischuk, Alexander"]
[Result "1/2-1/2"]
[WhiteTitle "FM"]
[BlackTitle "GM"]
[WhiteElo "2394"]
[BlackElo "2745"]
[WhiteFideId "1141830"]
[BlackFideId "4126025"]
[EventDate "2022.11.25"]

1. d4 Nf6 2. Bg5 d5 3. Bxf6 exf6 4. e3 c5 5. c3 Nc6 6. Nf3 Be6 7. Nbd2 Qb6 8.
Qb3 Qc7 9. Be2 Bd6 10. dxc5 Bxc5 11. Qa4 O-O 12. Nb3 Bb6 13. Nbd4 Rac8 14. O-O
f5 15. Rfd1 Rfd8 16. Rd2 Qe7 17. Rad1 Qf6 18. Bb5 Na5 19. g3 g6 20. Bf1 Kg7 21.
h4 h6 22. Nxe6+ fxe6 23. Qf4 Nc6 24. Bb5 Ne7 25. Qe5 a6 26. Be2 Bc7 27. Qxf6+
Kxf6 28. Nd4 Bb6 29. Bf3 g5 30. hxg5+ hxg5 31. Bg2 g4 32. Ne2 Ng6 33. Nf4 Nxf4
34. exf4 Ba7 35. Re2 b5 36. a3 a5 37. Rde1 Rd6 38. Rd1 b4 39. cxb4 axb4 40. axb4
Rb8 41. Ra1 Bd4 42. Ra4 Rc6 43. Rd2 Rc4 44. Bf1 Rbxb4 45. Bxc4 Rxa4 46. Rxd4
dxc4 47. Kf1 Rb4 48. Ke1 Rxb2 49. Rxc4 Rb1+ 50. Ke2 Rb2+ 51. Ke1 Rb1+ 52. Ke2
Rb2+ 53. Ke1 1/2-1/2